Dôchodková reforma vo Švédsku
Proces dôchodkovej reformy vo Švédsku a jej špecifiká. Verejný dôchodkový systém zaviedlo Švédsko v roku 1914. Dôvody dôchodkovej reformy. Princípy reformy. Dva piliere.
Uložené v:
| Hlavný autor: | |
|---|---|
| Médium: | Kapitola |
| Jazyk: | Slovak |
| Predmet: | |
| Tagy: |
Žiadne tagy, Buďte prvý, kto otaguje tento záznam!
|
MARC
| LEADER | 00000naa a2200000 4500 | ||
|---|---|---|---|
| 001 | r045217 | ||
| 005 | 20230925072810.0 | ||
| 041 | 0 | |a slo | |
| 044 | |a SK | ||
| 245 | 1 | 0 | |a Dôchodková reforma vo Švédsku |c Marek Lendacký |
| 520 | |a Proces dôchodkovej reformy vo Švédsku a jej špecifiká. Verejný dôchodkový systém zaviedlo Švédsko v roku 1914. Dôvody dôchodkovej reformy. Princípy reformy. Dva piliere. | ||
| 610 | 2 | 0 | |a dôchodky starobné |
| 610 | 2 | 0 | |a reformy |
| 610 | 2 | 0 | |a Švédsko |
| 610 | 2 | 0 | |a poistenie dôchodkové |
| 610 | 2 | 0 | |a poistenie starobné |
| 100 | 1 | |a Lendacký, Marek | |